Colonialism English & Punjabi / (Record no. 553534)
[ view plain ]
| 000 -LEADER | |
|---|---|
| fixed length control field | 00340nam a22001215i 4500 |
| 020 ## - INTERNATIONAL STANDARD BOOK NUMBER | |
| International Standard Book Number | 9789698535292 |
| 082 ## - DEWEY DECIMAL CLASSIFICATION NUMBER | |
| Classification number | 820.949142 |
| Author Mark | SHA |
| 100 1# - MAIN ENTRY--PERSONAL NAME | |
| Personal name | Shāh, Ṣafdar ʻAlī, |
| 9 (RLIN) | 50778 |
| 245 10 - TITLE STATEMENT | |
| Title | Colonialism English & Punjabi / |
| Statement of responsibility, etc. | Safdar Ali Shah. |
| 300 ## - PHYSICAL DESCRIPTION | |
| Extent | 349 pages ; |
| Dimensions | 23 cm |
| 526 ## - STUDY PROGRAM INFORMATION NOTE | |
| Program name | 0 |
| Interest level | 0 |
| Reading level | 0 |
| Title point value | 820_949142000000000_SHA |
| 942 ## - ADDED ENTRY ELEMENTS (KOHA) | |
| Source of classification or shelving scheme | |
| Koha item type | Book |
| Withdrawn status | Lost status | Source of classification or shelving scheme | Damaged status | Not for loan | Permanent Location | Current Location | Date acquired | Total Checkouts | Full call number | Barcode | Date last seen | Price effective from | Koha item type |
|---|---|---|---|---|---|---|---|---|---|---|---|---|---|
| Military College of Engineering (MCE) | Military College of Engineering (MCE) | 06/10/2015 | 820.949142 SHA | MCE-50160 | 06/10/2015 | 06/10/2015 | Book |
